Central Library OPAC University of Rajshahi

শ্রীকৃষ্ণকর্ণামৃতম / (Record no. 41555)

MARC details
000 -LEADER
fixed length control field 00950nam a22002297a 4500
001 - CONTROL NUMBER
control field 41555
003 - CONTROL NUMBER IDENTIFIER
rucl marc code BD-RjUL
005 - DATE AND TIME OF LATEST TRANSACTION
control field 20211209053417.0
008 - FIXED-LENGTH DATA ELEMENTS--GENERAL INFORMATION
fixed length control field 160601s1966 ii ||||| |||| 00| 0 ben d
035 ## - SYSTEM CONTROL NUMBER
System control number (BD-RjUL)41673
040 ## - CATALOGING SOURCE
Original cataloging agency BD-RjUL
Language of cataloging ben
Transcribing agency BD-RjUL
041 ## - LANGUAGE CODE
Language code of text/sound track or separate title ben
082 ## - DEWEY DECIMAL CLASSIFICATION NUMBER
Edition number 23
Classification number 294.5
Author mark and year BIS 1966
100 ## - MAIN ENTRY--PERSONAL NAME
Personal name বিল্বমঙ্গল
9 (RLIN) 127686
245 10 - TITLE STATEMENT
Title শ্রীকৃষ্ণকর্ণামৃতম /
Statement of responsibility, etc. বিল্বমঙ্গল ; সম্পাদক বিমানবিহারী মজুমদার
260 ## - PUBLICATION, DISTRIBUTION, ETC. (IMPRINT)
Place of publication, distribution, etc. কলিকাতা :
Name of publisher, distributor, etc. জিজ্ঞাসা,
Date of publication, distribution, etc. ১৯৬৬
300 ## - PHYSICAL DESCRIPTION
Pagination [৩৬], ১৯০ পৃ. :
Illustrations চিত্র ;
Size ২৫ সেমি.
650 ## - SUBJECT ADDED ENTRY--TOPICAL TERM
Topical term or geographic name as entry element হিন্দুত্ত্ববাদ
9 (RLIN) 127687
Topical term or geographic name as entry element Hinduism
9 (RLIN) 127688
700 ## - ADDED ENTRY--PERSONAL NAME
Personal name মজুমদার, বিমানবিহারী, সম্পাদক
942 ## - ADDED ENTRY ELEMENTS (KOHA)
Source of classification or shelving scheme Dewey Decimal Classification
Koha item type Books
Holdings
Lost status Source of classification or shelving scheme Damaged status Not for loan Collection code Permanent Location Current Location Shelving location Date acquired Source of acquisition Total Checkouts Full call number Date last seen Copy number Koha item type
  Dewey Decimal Classification     Non-fiction Central Library, University of Rajshahi Central Library, University of Rajshahi   16/08/1973 Varotio High Comissioner, Rajshahi   B 294.5 BIS 1966 01/06/2016 C-2 Books